Arbres du Québec - Statistiques

Statistiques générales
  • Ce quiz a été pris 40 fois
  • Le résultat moyen est 17 sur 41
Statistiques - réponses
Famille % Correct
Sapindacées Érable
97%
Pinacées Sapin
97%
Betulacées Bouleau
90%
Pinacées Pin
90%
Pinacées Épinette
87%
Fagacées Chêne
84%
Cupressacées Thuya
68%
Rosacées Cerisier
61%
Oléacées Frêne
61%
Salicées Peuplier
61%
Fagacées Hêtre
58%
Pinacées Mélèze
58%
Betulacées Noisetier
55%
Juglandacées Noyer
55%
Salicées Saule
55%
Pinacées Pruche
52%
Ulmacées Orme
48%
Tiliacées Tilleul
48%
Pinacées If
45%
Betulacées Aulne
42%
Cupressacées Genévrier
39%
Rosacées Amélanchier
35%
Rosacées Aubépine
26%
Cornacées Cornouiller
26%
Platanacées Platane
26%
Rosacées Prunier
26%
Rosacées Sorbier
23%
Juglandacées Caryer
19%
Betulacées Charme
19%
Ulmacées Micocoulier
19%
Betulacées Ostryer
19%
Caprifoliacées Sureau
19%
Caprifoliacées Viorne
19%
Aquifoliacées Houx
16%
Anacardiacées Sumac
16%
Hamamelidacées Hamamélis
13%
Rosacées Chalef
6%
Aquifoliacées Némopanthe
6%
Rubiacées Céphalante
3%
Rutacées Clavalier
3%
Eléagnacées Shépherdie
3%
Aucun quiz correspondant
Distribution des résultats
% des personnes avec chaque résultat
Percentile par nombre de réponses
Votre historique - résultats
Vous n’avez pas pris ce quiz